High Frecuency and Microwave Circuit Design /

Guardado en:
Detalles Bibliográficos
Autor principal: Nelson, Charles Greg (autor)
Formato: Libro
Idioma:Inglés
Publicado: Boca Ratón, EUA : CRC Press, 2000, c2000
Temas:
Etiquetas: Agrega una etiqueta
Sin etiquetas, Sé el primero en etiquetar este registro!

MARC

LEADER 00000nam^a2200000^a^4500
001 000132782
005 20250521000000.0
009 20260310095108.736
020 |a 0-8493-0249-8 
037 |a Acervo ITESO - Biblioteca 
041 |a ING 
082 |a 621. 38132  |b NEL 
100 |a Nelson, Charles Greg  |e (autor) 
245 1 0 |a High Frecuency and Microwave Circuit Design /  |c C.G. Nelson. 
264 4 |a Boca Ratón, EUA :  |b CRC Press,  |c 2000, c2000 
300 |a [X], 165 p. 
336 |a texto  |b txt  |2 rdacontenido 
337 |a sin mediación  |b n  |2 rdamedio 
338 |a volumen  |b nc  |2 rdasoporte 
649 |a XX 
650 |a Microondas 
650 |a Modulación (Electrónica) 
650 |a Circuitos Electrónicos -  |x Diseño y Construcción 
650 |a Circuitos Eléctricos -  |x Diseño y Construcción 
650 |a Ingeniería Electrónica 
650 |a Ingeniería Eléctrica 
910 |a Fondo General 
920 |a Impresos - Libros 
930 |a Colección General 
905 |a 101 
901 |a 0500061692  |b IT1  |c ACC  |u 20250521 
902 |a https://opac.biblio.iteso.mx/vufind/Record/000132782